000 00406nam a22001697a 4500
003 MPLRDC
005 20220104113722.0
008 210129b ||||| |||| 00| 0 eng d
082 _a848.1 XBY-4
100 _a谢冰莹著
245 _a谢冰莹作品选
_c
250 _a一版一刷
260 _a
_b湖南人民出版社
_c1985
300 _b
650 _a现代别集
942 _cBK
_o848.1 XBY-4
999 _c1810
_d1800